000 00627nam a2200181Ia 4500
008 100921s9999 xx 000 0 und d
082 _b32857
_a891.463 न 00
100 _aगावडे दादाभाऊ.
245 _aवसवा.
260 _bकाँन्टीनेंटल बुक सर्व्हीस,पुणे.
_c2000
300 _a259
_bमयुरेष बुक एजन्सी,कराड
365 _b90
520 _aललित-कादंबरी.
630 _aवसवा.
650 _aललित-कादंबरी.
730 _aवसवा.
942 _cBOOK
999 _c781970
_d781967